[Event "42nd GRE-ch Women 2019"]
[Site "Thessaloniki"]
[Date "2019.11.27"]
[Round "8.1"]
[White "Hristodoulaki, Antonia"]
[Black "Makka, Ioulia"]
[Result "0-1"]
[WhiteElo "2054"]
[BlackElo "2048"]
[Annotator "NA RC"]
[PlyCount "162"]
[EventDate "2019.11.20"]
[EventType "tourn"]
[EventCountry "GRE"]
[SourceTitle "playchess.com"]
[Source "ChessBase"]
[SourceQuality "1"]
[TimeControl "40/5400+30:1800+30"]

1. e4 {[%emt 0:00:00]} c6 {[%emt 0:00:09]} 2. d4 {[%emt 0:00:00]} d5 {[%emt 0:00:06]} 3. exd5 {[%emt 0:00:00]} cxd5 {[%emt 0:00:04]} 4. Bd3 {[%emt 0:00:00]} Nc6 {[%emt 0:00:47]} 5. c3 {[%emt 0:00:00]} Nf6 {[%emt 0:02:08]} 6. Bf4 {[%emt 0:01:24]} g6 {[%emt 0:01:10]} 7. Nf3 {[%emt 0:01:04]} Bg7 {[%emt 0:09:30]} 8. h3 {[%emt 0:00:35]} Bf5 {[%emt 0:04:20]} 9. Bxf5 {[%emt 0:01:59] B13: Caro-Kann: Exchange Variation and Panov-Botvinnik Attack} (9. O-O Bxd3 10. Qxd3 O-O 11. Nbd2 e6 12. Rfe1 a6 13. a4 Qb6 14. b4 Rac8 15. a5 Qd8 16. Nb3 Na7 {0-1 (35) Geller,J (2518)-Indjic,A (2620) St Petersburg 2018}) 9... gxf5 {[%emt 0:00:00]} 10. Nbd2 {[%emt 0:00:32]} e6 {[%emt 0:01:59]} 11. Ne5 {[%emt 0:12:45]} Nd7 {[%emt 0:12:45]} 12. Nd3 $146 {[%emt 0:07:06]} ({Predecessor:} 12. Nxd7 Qxd7 13. Nb3 O-O 14. Qh5 f6 15. O-O-O Qf7 16. Qh4 e5 17. dxe5 fxe5 {0-1 (68) Erenska Barlo,H (2235)-Myc,M (2350) Koszalin 1997}) 12... Rc8 {[%emt 0:23:19]} 13. g4 {[%emt 0:08:35]} Ne7 {[%emt 0:01:49]} 14. Nf1 {[%emt 0:10:24]} h5 {[%emt 0:18:36]} 15. gxh5 {[%emt 0:04:24]} a6 {[%emt 0:01:21]} 16. Ng3 {[%emt 0:02:44]} Ng8 {[%emt 0:03:22]} 17. Qe2 {[%emt 0:02:22]} Qe7 {[%emt 0:00:56]} 18. Kf1 {[%emt 0:01:33]} Ndf6 {[%emt 0:01:51]} 19. Rg1 {[%emt 0:06:56]} Kf8 {[%emt 0:02:48]} 20. Be5 {[%emt 0:04:05]} Rh7 {[%emt 0:01:16]} 21. f3 {[%emt 0:10:25]} Bh6 {[%emt 0:02:55] [#]} (21... Ne8 $14) 22. Re1 $1 {[%emt 0:02:51]} b6 {[%emt 0:04:32]} 23. Qg2 {[%emt 0:01:36]} Qd7 {[%emt 0:00:45]} 24. Qc2 {[%emt 0:02:12]} Qc6 {[%emt 0:02:16]} 25. Kf2 {[%emt 0:02:11]} Nd7 {[%emt 0:01:32]} 26. Nb4 {[%emt 0:00:30]} Qb5 {[%emt 0:01:36]} 27. Bd6+ {[%emt 0:01:19]} Kg7 {[%emt 0:00:54]} 28. Nxf5+ {[%emt 0:03:53]} Kh8 {[%emt 0:00:03] [#]} 29. Ng3 $2 {[%emt 0:05:19]} (29. Rxe6 $3 $18 {[%mdl 512] and White stays clearly on top.} fxe6 30. Nh4) 29... Bg5 {[%emt 0:01:04]} 30. Qd1 {[%emt 0:02:48]} a5 {[%emt 0:00:33]} 31. Nd3 {[%emt 0:00:38]} Bh4 {[%emt 0:00:13]} 32. f4 $2 {[%emt 0:01:35] [#]} (32. Kg2 $16) 32... Ngf6 {[%emt 0:00:20]} (32... Nh6 $1 $17 {[%cal Rh6f5]} 33. Kf3 Bxg3) 33. Ke3 $2 {[%emt 0:03:23]} (33. a4 $11 {and White is okay.} Qc6 34. Be5) 33... Bxg3 {[%emt 0:00:48]} 34. Rxg3 {[%emt 0:00:02]} Ne4 {[%emt 0:00:10]} 35. Reg1 {[%emt 0:01:37]} Nxd6 {[%emt 0:00:21]} 36. Rg5 {[%emt 0:00:40]} Nf5+ {[%emt 0:00:43]} 37. Kd2 {[%emt 0:00:28]} Nf6 {[%emt 0:00:24]} 38. Ke2 {[%emt 0:00:31]} Ne4 {[%emt 0:00:34]} 39. R5g2 {[%emt 0:00:08]} Nf6 $2 {[%emt 0:00:45]} (39... Qc4 $19 40. Qb3 Qc7) 40. Rg5 $1 {[%emt 0:00:00]} Nxh5 {[%emt 0:00:00]} 41. Qf1 {[%emt 0:02:16]} f6 {[%emt 0:09:40]} 42. Rg6 {[%emt 0:00:49]} Ne7 {[%emt 0:04:03]} 43. R6g4 {[%emt 0:00:41]} Rg8 {[%emt 0:02:01]} 44. Qf3 {[%emt 0:01:24]} Rxg4 {[%emt 0:02:46]} 45. hxg4 {[%emt 0:00:28]} Ng7 {[%emt 0:01:03]} 46. Rh1 {[%emt 0:00:55]} Rxh1 {[%emt 0:00:17]} 47. Qxh1+ {[%emt 0:00:02]} Kg8 {[%emt 0:00:09]} 48. Qh6 {[%emt 0:00:32]} Kf7 {[%emt 0:00:52]} 49. Kd2 {[%emt 0:01:04]} Ng6 {[%emt 0:01:41]} 50. g5 {[%emt 0:02:38]} fxg5 {[%emt 0:03:53]} 51. Qxg5 {[%emt 0:00:03]} Qe8 {[%emt 0:02:24]} 52. Qh6 {[%emt 0:04:32]} Qe7 {[%emt 0:00:10]} 53. Kc2 {[%emt 0:00:28]} Qf6 {[%emt 0:01:00]} 54. b3 {[%emt 0:01:43]} Qf5 {[%emt 0:00:55]} 55. c4 {[%emt 0:01:03]} Qe4 {[%emt 0:01:40]} 56. Kc3 {[%emt 0:00:13]} Qxd4+ {[%emt 0:02:12]} 57. Kxd4 {[%emt 0:00:26]} Nf5+ {[%emt 0:00:07]} 58. Kc3 {[%emt 0:00:20]} d4+ {[%emt 0:00:29]} 59. Kd2 {[%emt 0:01:09]} Nxh6 {[%emt 0:00:07]} 60. Ke2 {[%emt 0:00:31]} Ke7 {[%emt 0:01:09]} 61. Kf3 {[%emt 0:00:50]} Kd6 {[%emt 0:00:38]} 62. Ke4 {[%emt 0:00:07]} Nf5 {[%emt 0:00:31]} 63. a3 {[%emt 0:00:05]} Kc6 {[%emt 0:01:52]} 64. b4 {[%emt 0:00:25]} axb4 {[%emt 0:02:39]} 65. axb4 {[%emt 0:00:03]} Kd7 {[%emt 0:00:35]} 66. Nb2 {[%emt 0:01:03]} Nge7 {[%emt 0:00:24]} 67. Na4 {[%emt 0:00:39]} Nc8 {[%emt 0:00:28]} 68. Ke5 {[%emt 0:00:38]} d3 {[%emt 0:00:30]} 69. Ke4 {[%emt 0:01:55]} d2 {[%emt 0:00:21]} 70. Nb2 {[%emt 0:00:22]} Nce7 {[%emt 0:00:42]} 71. Kd3 {[%emt 0:00:16]} Ng6 {[%emt 0:00:21]} 72. Kxd2 {[%emt 0:00:35]} Nxf4 {[%emt 0:00:11]} 73. Kc3 {[%emt 0:00:37]} e5 {[%emt 0:00:45]} 74. Kd2 {[%emt 0:00:57]} e4 {[%emt 0:00:32]} 75. Na4 {[%emt 0:00:28]} e3+ {[%emt 0:00:38]} 76. Ke1 {[%emt 0:00:03]} Kc7 {[%emt 0:00:33]} 77. Nc3 {[%emt 0:00:09]} Nd3+ {[%emt 0:00:27]} 78. Ke2 {[%emt 0:00:30]} Nxb4 {[%emt 0:00:05]} 79. Kf3 {[%emt 0:00:19]} Nc2 {[%emt 0:00:49]} 80. Ke4 {[%emt 0:01:31]} Nfd4 {[%emt 0:00:22]} 81. Kd3 {[%emt 0:01:24]} e2 {[%emt 0:00:34] Kxd4} 0-1

[Event "42nd GRE-ch Women 2019"]
[Site "Thessaloniki"]
[Date "2019.11.27"]
[Round "8.2"]
[White "Stefanidi, Maria-Anna"]
[Black "Serefidou, Despina"]
[Result "1/2-1/2"]
[WhiteElo "2012"]
[BlackElo "1899"]
[Annotator "NA RC"]
[PlyCount "165"]
[EventDate "2019.11.20"]
[EventType "tourn"]
[EventCountry "GRE"]
[SourceTitle "playchess.com"]
[Source "ChessBase"]
[SourceQuality "1"]
[TimeControl "40/5400+30:1800+30"]

1. e4 {[%emt 0:17:43]} e5 {[%emt 0:00:06]} 2. Nf3 {[%emt 0:00:22]} Nc6 {[%emt 0:00:00]} 3. Bc4 {[%emt 0:00:04]} Bc5 {[%emt 0:00:00]} 4. c3 {[%emt 0:00:07]} Nf6 {[%emt 0:00:00]} 5. d3 {[%emt 0:00:04]} d6 {[%emt 0:00:22]} 6. Nbd2 {[%emt 0:02:34]} a6 {[%emt 0:00:13]} 7. Bb3 {[%emt 0:04:28]} Ba7 {[%emt 0:00:46]} 8. h3 {[%emt 0:06:15]} O-O {[%emt 0:01:03]} 9. Nf1 {[%emt 0:00:07]} d5 {[%emt 0:10:30]} 10. Qe2 {[%emt 0:01:10] C54: Giuoco Piano: 4 c3 Nf6, main lines with 5 d4 and 5 d3} Qd6 {[%emt 0:23:02]} (10... Re8 11. Ng3 h6 12. Nh2 Be6 13. Ng4 Nh7 14. O-O Qd7 15. Qf3 Rad8 16. Nxh6+ gxh6 17. Nh5 Kh8 18. Bxh6 {½-½ (37) Li,R (2564)-Rambaldi,F (2574) Saint Louis 2017}) 11. g4 {[%emt 0:09:24]} Na5 $146 {[%emt 0:18:27]} ({Predecessor:} 11... Be6 12. Ng3 dxe4 13. dxe4 Bxb3 14. axb3 Rad8 15. Bg5 Qe6 16. b4 Rd7 17. Bxf6 Qxf6 {0-1 (78) Staniewicz,A (1046)-Kapicakova,L (1644) Kouty nad Desnou 2017}) 12. Bc2 {[%emt 0:10:28]} c5 {[%emt 0:12:29]} 13. Ng3 {[%emt 0:02:58]} d4 {[%emt 0:11:57]} 14. c4 {[%emt 0:15:49]} b5 {[%emt 0:00:13]} 15. b3 {[%emt 0:01:03]} Rd8 {[%emt 0:05:38]} 16. Bg5 {[%emt 0:06:57]} h6 {[%emt 0:07:26]} 17. Bd2 {[%emt 0:00:06]} Bb6 {[%emt 0:00:50]} 18. g5 {[%emt 0:00:47]} (18. Nh4 $11) 18... hxg5 {[%emt 0:00:11]} 19. Bxg5 {[%emt 0:01:50]} ({Better is} 19. Nxg5 $15 Ra7 20. Bd1) 19... Re8 {[%emt 0:04:31]} 20. Nh4 {[%emt 0:00:58]} g6 {[%emt 0:01:17]} 21. Rg1 {[%emt 0:04:34]} Kf8 {[%emt 0:00:33]} 22. Qf3 {[%emt 0:06:00]} (22. f4 $11) 22... Nh7 {[%emt 0:00:28]} 23. Bd2 {[%emt 0:01:39]} Qf6 {[%emt 0:00:38]} 24. Qxf6 {[%emt 0:02:22]} Nxf6 $11 {[%emt 0:00:02]} 25. Bh6+ {[%emt 0:00:09]} Ke7 {[%emt 0:00:25]} 26. Bg5 {[%emt 0:00:06]} Bd8 {[%emt 0:01:11]} 27. Nf3 {[%emt 0:01:20]} Kd6 {[%emt 0:00:25]} 28. h4 {[%emt 0:00:27]} Bg4 {[%emt 0:00:42]} 29. Nh2 {[%emt 0:00:46]} Be6 {[%emt 0:00:25]} 30. Kd2 {[%emt 0:00:49]} Ng4 {[%emt 0:00:29]} 31. Nxg4 {[%emt 0:01:04]} Bxg4 {[%emt 0:00:15]} 32. Bd1 {[%emt 0:00:48]} Bxd1 {[%emt 0:00:08]} 33. Raxd1 {[%emt 0:00:11]} f6 {[%emt 0:00:34]} 34. Bh6 {[%emt 0:00:51]} Rh8 {[%emt 0:00:10]} 35. Bg7 {[%emt 0:00:15]} Rxh4 {[%emt 0:01:18]} 36. Ne2 {[%emt 0:00:32]} g5 {[%emt 0:00:36]} 37. Ng3 {[%emt 0:00:17]} Ke6 {[%emt 0:00:32]} 38. Nf5 {[%emt 0:00:27]} Rf4 {[%emt 0:00:14]} 39. Ke2 {[%emt 0:00:36]} Kf7 {[%emt 0:00:43]} 40. Bh6 {[%emt 0:00:00]} Bc7 {[%emt 0:00:00]} 41. Rh1 {[%emt 0:02:03]} Rg8 {[%emt 0:29:47]} 42. Rdg1 {[%emt 0:05:11]} Bd8 {[%emt 0:01:20]} 43. f3 {[%emt 0:03:21]} Nc6 {[%emt 0:00:55]} 44. cxb5 {[%emt 0:00:50]} axb5 {[%emt 0:00:18]} 45. Rc1 {[%emt 0:00:06]} Ne7 {[%emt 0:00:30]} 46. Nd6+ {[%emt 0:00:37]} Kg6 {[%emt 0:00:31]} 47. Rxc5 {[%emt 0:02:07]} b4 {[%emt 0:00:43]} 48. Rb5 {[%emt 0:05:44]} Bc7 {[%emt 0:00:23]} 49. Nc4 {[%emt 0:00:22]} Ra8 {[%emt 0:00:31]} 50. Rb7 {[%emt 0:00:34]} Rxa2+ {[%emt 0:00:10]} 51. Nd2 {[%emt 0:00:05]} Rc2 {[%emt 0:00:08]} 52. Bf8 {[%emt 0:00:11]} Kf7 {[%emt 0:00:59]} 53. Bxe7 {[%emt 0:01:45]} Kxe7 {[%emt 0:00:05]} 54. Rh7+ {[%emt 0:00:28]} Kd8 {[%emt 0:00:24]} 55. Kd1 {[%emt 0:00:10]} Rc6 {[%emt 0:01:04]} 56. Rxb4 {[%emt 0:00:24]} Rh4 {[%emt 0:00:06]} 57. Rxh4 {[%emt 0:04:34]} gxh4 {[%emt 0:00:31]} 58. Rc4 {[%emt 0:00:51]} Ra6 {[%emt 0:00:39]} 59. f4 {[%emt 0:02:20]} Ra2 {[%emt 0:00:56]} 60. Nf3 {[%emt 0:01:23]} h3 {[%emt 0:00:41]} 61. Rc2 {[%emt 0:00:06]} Rxc2 {[%emt 0:00:13]} 62. Kxc2 {[%emt 0:00:07]} exf4 {[%emt 0:00:32]} 63. Kd2 {[%emt 0:00:27]} Ba5+ {[%emt 0:00:37]} 64. Ke2 {[%emt 0:00:07]} Kd7 {[%emt 0:00:24]} 65. Kf1 {[%emt 0:00:10]} Bc3 {[%emt 0:00:39]} 66. Kg1 {[%emt 0:00:07]} Kc6 {[%emt 0:00:15]} 67. Kh2 {[%emt 0:00:05]} Kb5 {[%emt 0:00:40]} 68. Kxh3 {[%emt 0:00:16]} Kb4 {[%emt 0:00:31]} 69. Kg4 {[%emt 0:00:11]} Kxb3 {[%emt 0:00:22]} 70. Kxf4 {[%emt 0:00:15]} Kc2 {[%emt 0:00:32]} 71. e5 {[%emt 0:00:06]} fxe5+ {[%emt 0:00:30]} 72. Nxe5 {[%emt 0:00:07]} Kb3 {[%emt 0:00:39]} 73. Nc6 {[%emt 0:00:32]} Ka4 {[%emt 0:00:31]} 74. Ke4 {[%emt 0:00:06]} Kb5 {[%emt 0:00:22]} 75. Nxd4+ {[%emt 0:00:10]} Kc5 {[%emt 0:00:20]} 76. Ne6+ {[%emt 0:00:28]} Kd6 {[%emt 0:00:11]} 77. Nf4 {[%emt 0:00:22]} Bg7 {[%emt 0:00:27]} 78. Nd5 {[%emt 0:00:14]} Bh8 {[%emt 0:00:16]} 79. Ne3 {[%emt 0:00:35]} Bc3 {[%emt 0:00:55]} 80. Nf5+ {[%emt 0:00:48]} Ke6 {[%emt 0:00:11]} 81. Nd4+ {[%emt 0:00:09]} Bxd4 {[%emt 0:00:32]} 82. Kxd4 {[%emt 0:00:06]} Kd6 {[%emt 0:00:08]} 83. Kc4 {[%emt 0:00:19]} 1/2-1/2

[Event "42nd GRE-ch Women 2019"]
[Site "Thessaloniki"]
[Date "2019.11.27"]
[Round "8.3"]
[White "Makka, Evanthia"]
[Black "Markantonaki, Haritomeni"]
[Result "0-1"]
[WhiteElo "2059"]
[BlackElo "2178"]
[Annotator "TA"]
[PlyCount "148"]
[EventDate "2019.11.20"]
[EventType "tourn"]
[EventCountry "GRE"]
[SourceTitle "playchess.com"]
[Source "ChessBase"]
[SourceQuality "1"]

{[%evp 9,148,-13,0,-19,-9,-28,-34,-35,10,27,46,35,43,14,45,18,39,48,72,60,58,51,70,88,91,45,72,14,17,36,38,0,3,-41,-31,-75,-70,-61,-77,-67,-72,-66,-32,-32,-34,-56,-63,-73,-75,-77,-74,-69,-72,-71,-65,-100,-98,-110,-113,-113,-106,-131,-110,-113,-118,-207,-158,-189,-151,-554,-256,-379,-369,-538,-506,-662,-655,-745,-722,-720,-732,-662,-681,-804,-773,-939,-920,-911,-850,-964,-962,-969,-945,-1142,-1072,-1097,-1060,-1133,-1029,-988,-943,-29966,-29969,-29968,-29966,-29977,-29974,-29974,-29973,-29972,-29969,-29973,-29972,-29970,-29973,-29973,-29974,-29974,-29975,-29983,-29984,-29984,-29983,-29986,-29986,-29982,-29981,-29981,-29982,-29983,-29983,-29985,-29986,-29987,-29987,-29987,-29988,-29988,-29989,-29989,-29990]} 1. d4 Nf6 2. Nf3 e6 3. e3 d5 4. Bd3 c5 5. dxc5 (5. b3 Bd6 6. O-O O-O 7. Bb2 b6 8. Nbd2 Ba6 9. c4 Nc6 10. Qe2 cxd4 11. exd4 Bf4 12. g3 Bh6 13. Rad1 Rc8 {½-½ (32) Korobov,A (2687)-Jakovenko,D (2704) Poikovsky 2019}) 5... Bxc5 6. a3 {D05: Colle System with ...e6} O-O 7. b4 Bd6 $146 ({Predecessor:} 7... Bb6 8. Nbd2 a5 9. Bb2 Nbd7 10. c4 Qe7 11. O-O e5 12. Nh4 Rd8 {1-0 (20) Juegel,M (2221)-Glinzk,M (2017) Goch 2012}) 8. Bb2 {Black is slightly better.} Nc6 9. Nbd2 b6 10. O-O Bb7 11. Qe2 Rc8 12. c4 dxc4 13. Nxc4 {Hoping for Rad1.} Be7 14. Rfd1 {aiming for b5.} Qc7 15. b5 Na5 16. Nxa5 bxa5 17. Rac1 Qb8 18. Ng5 (18. Nd4 $16) 18... Rxc1 $11 19. Rxc1 Rc8 20. Rd1 h6 $40 {[%mdl 128] Black attacks.} 21. Nh3 Bd5 22. Nf4 Bb3 23. Rb1 a4 24. Nh5 Nxh5 25. Qxh5 Bd6 26. g3 Rc5 27. Qg4 {[%csl Gb2][%cal Rg4g7] [#]} Be5 28. Qe4 {Threatens to win with Bxe5.} f5 29. Qb4 Qc7 30. Bxe5 Qxe5 31. Bf1 Qc3 32. Qxc3 Rxc3 $15 {[%mdl 4096] Endgame KRB-KRB} 33. Ra1 Kf7 34. h4 g5 35. hxg5 hxg5 36. Be2 Kf6 37. Bf1 (37. Kg2 $17) 37... Bd5 38. Be2 g4 39. Bd1 $2 (39. Kf1 $17 {nothing else works.}) 39... Rc8 (39... Rc7 $142 40. Kf1 Bc4+ 41. Ke1 Rh7) 40. f3 (40. Kf1 {is the only way for White.} Bc4+ 41. Ke1) 40... gxf3 $19 41. Bxa4 (41. Kf2 $142) 41... Rc3 42. Kf2 Rd3 43. Rd1 Rxa3 44. Rd4 Ra2+ 45. Kf1 Rg2 46. Bd1 Rxg3 47. Ra4 Rh3 48. Rd4 Rh2 49. Kg1 Rb2 50. Kf1 Rxb5 51. Rd2 Rb8 52. Kf2 Rh8 53. Rd4 Rh2+ 54. Kf1 Bc6 {[#] ( -> ...Bb5+)} 55. Ba4 Bxa4 {Black mates.} 56. Rxa4 {KR-KR} Re2 57. Rxa7 Rxe3 58. Kf2 Rb3 59. Ra6 Rd3 60. Rb6 Ke5 61. Rb4 f4 62. Ra4 Kf5 63. Ra8 e5 64. Ra7 Rd2+ 65. Ke1 Rb2 66. Ra8 f2+ 67. Kf1 Rb1+ 68. Kxf2 Rb2+ 69. Kf1 e4 70. Rg8 e3 71. Rg7 Ke4 72. Rh7 Rb1+ 73. Kg2 f3+ 74. Kg3 Rg1+ {Accuracy: White = 31%, Black = 77%.} 0-1

[Event "42nd GRE-ch Women 2019"]
[Site "Thessaloniki"]
[Date "2019.11.27"]
[Round "8.4"]
[White "Vozinaki, Anthi - Maria"]
[Black "Koutsidi, Amalia"]
[Result "0-1"]
[WhiteElo "1878"]
[BlackElo "1724"]
[Annotator "NA RC"]
[PlyCount "58"]
[EventDate "2019.11.20"]
[EventType "tourn"]
[EventCountry "GRE"]
[SourceTitle "playchess.com"]
[Source "ChessBase"]
[SourceQuality "1"]
[TimeControl "40/5400+30:1800+30"]

1. e4 {[%emt 0:00:00]} c5 {[%emt 0:00:05]} 2. Nf3 {[%emt 0:00:00]} d6 {[%emt 0:00:00]} 3. d4 {[%emt 0:00:00]} cxd4 {[%emt 0:00:00]} 4. Nxd4 {[%emt 0:00:00]} Nf6 {[%emt 0:00:00]} 5. Nc3 {[%emt 0:00:00]} a6 {[%emt 0:00:00]} 6. Be3 {[%emt 0:00:04]} e5 {[%emt 0:00:10]} 7. Nb3 {[%emt 0:00:05]} Be7 {[%emt 0:00:19]} 8. f3 {[%emt 0:00:28]} O-O {[%emt 0:07:07]} 9. Qd2 {[%emt 0:00:41]} Nbd7 {[%emt 0:00:53]} 10. O-O-O {[%emt 0:00:26]} b5 {[%emt 0:00:32]} 11. g4 {[%emt 0:13:35]} b4 {[%emt 0:01:05]} 12. Nd5 $14 {[%emt 0:04:44]} Nxd5 {[%emt 0:00:12]} 13. exd5 {[%emt 0:01:41]} a5 {[%emt 0:02:38]} 14. Kb1 {[%emt 0:04:18]} Qc7 {[%emt 0:08:55]} 15. g5 {[%emt 0:20:42]} Nb6 {[%emt 0:07:12]} 16. Qf2 {[%emt 0:02:47]} Nc4 {[%emt 0:02:10]} 17. Bxc4 {[%emt 0:01:39]} Qxc4 {[%emt 0:00:00]} 18. f4 {[%emt 0:08:06]} a4 {[%emt 0:06:22]} 19. Nc1 {[%emt 0:03:07]} b3 {[%emt 0:09:12]} 20. axb3 {[%emt 0:07:35]} axb3 {[%emt 0:00:17]} 21. Nxb3 {[%emt 0:00:21]} Bf5 {[%emt 0:02:02]} 22. fxe5 {[%emt 0:05:27]} Be4 {[%emt 0:12:26]} 23. Rd4 {[%emt 0:13:55]} Qxb3 {[%emt 0:00:45]} 24. Rxe4 {[%emt 0:00:36]} Qa2+ {[%emt 0:00:16]} 25. Kc1 {[%emt 0:00:06]} Qa1+ {[%emt 0:00:09]} 26. Kd2 {[%emt 0:00:04]} Qxh1 {[%emt 0:00:10]} 27. Qf4 {[%emt 0:01:12]} Bxg5 {[%emt 0:01:17]} 28. Qxg5 {[%emt 0:01:14]} Qxe4 {[%emt 0:00:16]} 29. exd6 {[%emt 0:00:12]} Qb4+ {[%emt 0:00:31]} 0-1

[Event "42nd GRE-ch Women 2019"]
[Site "Thessaloniki"]
[Date "2019.11.27"]
[Round "8.5"]
[White "Pavlidou, Ekaterini"]
[Black "Grapsa, Georgia"]
[Result "1-0"]
[WhiteElo "2183"]
[BlackElo "2026"]
[Annotator "TA"]
[PlyCount "79"]
[EventDate "2019.11.20"]
[EventType "tourn"]
[EventCountry "GRE"]
[SourceTitle "playchess.com"]
[Source "ChessBase"]
[SourceQuality "1"]

{[%evp 27,79,0,0,0,3,4,3,0,0,0,0,0,2,-11,-3,-34,0,0,0,-41,-25,-35,-35,-31,-40,-89,-82,-89,-105,-156,-138,-200,-146,-178,-185,-173,0,-150,-156,-160,-155,-339,-353,-364,-195,-370,-93,-94,478,485,481,468,29998,29999]} 1. d4 Nf6 2. c4 e6 3. Nf3 Bb4+ 4. Bd2 Qe7 5. g3 Nc6 6. Bg2 Bxd2+ 7. Nbxd2 d6 8. O-O O-O 9. e4 a5 10. b3 e5 11. d5 Nb8 12. Ne1 Na6 13. a3 Bd7 14. Nd3 c6 15. Rc1 {E11: Bogo-Indian} Rfc8 16. Re1 cxd5 {[#]} 17. exd5 $146 {The position is equal.} ({Predecessor:} 17. cxd5 Rxc1 18. Qxc1 Rc8 19. Qb1 Bb5 20. Nb2 Qd8 21. Rc1 g6 22. Nbc4 Bxc4 23. Nxc4 {1-0 (43) Adianto,U (2525)-Liao,Y (2405) Thessaloniki 1988}) 17... Bf5 18. Nb2 Nd7 19. Re3 h6 20. Kh1 Qf6 21. Qe2 Ndc5 22. Nd1 Qg6 23. Rcc3 Bg4 24. f3 Bd7 25. Nf2 f5 26. f4 exf4 $1 27. gxf4 Re8 28. Bh3 (28. Nd1 $142) 28... Qf6 $1 $36 {[%cal Rf6c3][%mdl 2048] Black is in control.} 29. Qh5 (29. Nd1 $17) 29... Qd4 {[%mdl 64] Double Attack} 30. Nf1 Rxe3 (30... Qxf4 31. Rxe8+ Rxe8 32. Rf3 $15) 31. Rxe3 Qxf4 $2 (31... a4 $19 32. b4 Nxb4 $1 {[%mdl 512]}) 32. Re7 {[#]} ({White must play} 32. Rf3 $1 $11 Qc1 33. Qg6) 32... Rf8 $1 33. Qg6 {[%csl Ge7][%cal Rg6g7]} Qd4 34. Rxd7 $2 (34. Nd2 $17) 34... Nxd7 $19 35. Bxf5 Ne5 ({Worse is} 35... Qxf2 36. Qh7+ Kf7 37. Qg6+ Kg8 38. Qh7+ Kf7 39. Qg6+ Kg8 $11) (35... Rf6 $142 36. Qh7+ Kf7 37. Be6+ Ke8 38. Bxd7+ (38. Qxg7 $2 Nac5 $19 {[%mdl 64] Double Attack}) 38... Kxd7 39. Qxg7+ Kd8) 36. Qh7+ Kf7 37. Ne4 Ke7 $2 {[%mdl 8192]} (37... Nc5 $17 {stays on course. Threatens to win with ...Nxe4.} 38. Nxd6+ Kf6) 38. Qxg7+ $18 Rf7 39. Qxh6 Rf6 (39... Qxe4+ $18 40. Bxe4 Rxf1+ 41. Kg2 Rf2+ 42. Kg3 (42. Kxf2 Ng4+ {[%mdl 64] Double Attack} 43. Ke1 Nxh6 $17) 42... Nc5 43. Qg5+ Rf6) 40. Qxf6+ {[%mdl 64] Double Attack. Accuracy: White = 46%, Black = 53%.} 1-0

[Event "42nd GRE-ch Women 2019"]
[Site "Thessaloniki"]
[Date "2019.11.28"]
[Round "9.1"]
[White "Grapsa, Georgia"]
[Black "Hristodoulaki, Antonia"]
[Result "1/2-1/2"]
[WhiteElo "2026"]
[BlackElo "2054"]
[Annotator "NA RC"]
[PlyCount "20"]
[EventDate "2019.11.20"]
[EventType "tourn"]
[EventCountry "GRE"]
[SourceTitle "playchess.com"]
[Source "ChessBase"]
[SourceQuality "1"]
[TimeControl "40/5400+30:1800+30"]

{[%evp 11,20,29,52,38,32767,32767,32767,32767,16,0,0]} 1. e4 {[%emt 0:07:16]} c5 {[%emt 0:00:00]} 2. Nf3 {[%emt 0:00:06]} d6 {[%emt 0:00:00]} 3. d4 {[%emt 0:00:04]} cxd4 {[%emt 0:00:00]} 4. Nxd4 {[%emt 0:00:05]} Nf6 {[%emt 0:00:00]} 5. Nc3 {[%emt 0:00:03]} a6 {[%emt 0:00:00]} 6. Be3 {[%emt 0:00:05]} Ng4 {[%emt 0:00:03]} 7. Bg5 {[%emt 0:00:05]} Nf6 {[%emt 0:00:07]} 8. Be3 {[%emt 0:00:04]} Ng4 {[%emt 0:00:06]} 9. Bc1 {[%emt 0:00:03]} Nf6 {[%emt 0:00:07]} 10. Be3 {[%emt 0:00:09]} Ng4 $11 {[%emt 0:00:44]} 1/2-1/2

[Event "42nd GRE-ch Women 2019"]
[Site "Thessaloniki"]
[Date "2019.11.28"]
[Round "9.2"]
[White "Koutsidi, Amalia"]
[Black "Pavlidou, Ekaterini"]
[Result "1/2-1/2"]
[WhiteElo "1724"]
[BlackElo "2183"]
[Annotator "TA"]
[PlyCount "59"]
[EventDate "2019.11.20"]
[EventType "tourn"]
[EventCountry "GRE"]
[SourceTitle "playchess.com"]
[Source "ChessBase"]
[SourceQuality "1"]

{[%evp 9,59,19,56,56,64,23,21,13,12,5,37,23,31,25,27,23,47,27,39,10,6,-19,-8,-17,0,-16,4,0,18,31,14,5,11,0,0,0,0,-90,0,0,27,0,1,0,0,0,7,0,0,0,0,0]} 1. e4 c5 2. Nf3 Nc6 3. Bb5 Nf6 4. e5 Nd5 5. Nc3 e6 (5... Nc7 6. Bxc6 dxc6 7. h3 Ne6 8. O-O g6 9. d3 Bg7 10. Re1 b6 11. Ne4 O-O 12. b3 a5 13. a4 Nd4 14. Bb2 h6 15. Bxd4 cxd4 16. Qd2 c5 17. Re2 Be6 18. Rae1 Qd7 19. Qf4 Rfe8 {½-½ (67) Giri,A (2783)-Demchenko,A (2679) St Petersburg 2018}) 6. O-O {B30: Sicilian: 2...Nc6 3 Bb5, lines without ...g6} Be7 7. Nxd5 exd5 8. d4 {Threatening dxc5.} a6 9. Be2 cxd4 10. Nxd4 d6 $146 ({Predecessor:} 10... Nxe5 11. Nf3 d6 12. Qxd5 Qc7 {½-½ (85) Herb,S (2153)-Winter,B Bad Woerishofen 2002}) 11. exd6 Qxd6 12. Re1 O-O 13. Bf3 Bf6 14. Ne2 Be6 15. g3 Rad8 16. c3 Rfe8 17. Bf4 Qc5 18. Be3 Qa5 19. Nd4 Ne5 20. Bg2 Bg4 21. Qc2 Nc4 22. Nb3 Qa4 23. Bf1 (23. Bd4 $11 {remains equal.}) 23... Ne5 (23... Nxe3 $17 24. Rxe3 Rxe3 25. fxe3 Bg5) 24. Bg2 $11 Qd7 25. Nd4 Bh3 {The position is equal.} 26. Bf4 Ng6 {[#] Hoping for ...Bxg2.} 27. Be3 Ne5 28. Bf4 Ng6 {Strongly threatening ...Bxg2.} 29. Be3 Ne5 30. Bf4 {Accuracy: White = 47%, Black = 54%.} 1/2-1/2